Visualizzazione normale
Vista MARC
- Hendrix Jimi
di Personal Name
Records bibliografici associati: 1
001 - CONTROL NUMBER
- control field: 20143
003 - CONTROL NUMBER IDENTIFIER
- control field: IT-RoPau
005 - DATE AND TIME OF LATEST TRANSACTION
- control field: 20140410213011.0
008 - FIXED-LENGTH DATA ELEMENTS
- fixed length control field: 140410|| aca||aabn | a|a d
040 ## - CATALOGING SOURCE
- Original cataloging agency: IT-RoPau
- Transcribing agency: IT-RoPau
100 ## - HEADING--PERSONAL NAME
- Personal name: Hendrix Jimi
- Miscellaneous information: Codice interprete SPICS: 5532
- Relator term: Interprete
670 ## - SOURCE DATA FOUND
- Source citation: Work cat.: (IT-RoPau)100566: Hendrix Jimi 2655, Band of Gypsys